| 000 | 00987nam0a2200265 4500 | ||
|---|---|---|---|
| 001 | RU\NLR\BIBL_A\011412304 | ||
| 005 | 20250626062026.0 | ||
| 035 | _a(NLR Aleph) 011412304 | ||
| 090 |
_a11564051 _c11564051 |
||
| 100 | _a20170621d1983 |||y0rusy50 ca | ||
| 101 | 0 | _arus | |
| 102 | _aRU | ||
| 105 | _aa z 000zy | ||
| 200 | 1 |
_aРудничная геофизика _fпод ред. А.Н. Еремеева |
|
| 210 |
_aМ. _cЭнергоатомиздат _d1983 |
||
| 215 |
_a120 с. _cил. _d29 |
||
| 300 | _aВ вып. дан. авт.: Леонид Чеславич Пухальский | ||
| 606 | 1 |
_aРудничная геофизика _91466775 _3RU\NLR\AUTH\66313422 |
|
| 686 | 1 | _aД451-54 | |
| 700 | 1 |
_7ca _8rus _aПухальский _bЛ. Ч. _f1919-1991 _gЛеонид Чеславович _9174963 _3RU\NLR\AUTH\770175014 |
|
| 852 |
_aNLR _j83-8/944 |
||
| 942 | _cBOOK | ||
| 980 | _aNB | ||